Administratívny pohľad na rozpočtové provizórium samospráv

Hospodárenie obcí a samosprávnych krajov v rozpočtovom provizóriu je v legislatíve rámcovo upravené v § 11 zákona č. 583/2004 Z. z. o rozpočtových pravidlách územnej samosprávy a o zmene a doplnení niektorých zákonov v z.n.p.. Samosprávy v režime rozpočtového provizória musia dodržiavať pravidlá a...

Descrizione completa

Salvato in:
Dettagli Bibliografici
Autore principale: Bohunčák, Michal
Altri autori: Marušinec, Ján, Klimovský, Daniel
Natura: Capitolo di libro
Lingua:slovacco
Soggetti:
Tags: Aggiungi Tag
Nessun Tag, puoi essere il primo ad aggiungerne!!

MARC

LEADER 00000naa a2200000 4500
001 0291787
005 20240417075231.8
041 0 |a slo 
044 |a SK 
245 1 0 |a Administratívny pohľad na rozpočtové provizórium samospráv  |c Michal Bohunčák, Ján Marušinec, Daniel Klimovský 
520 |a Hospodárenie obcí a samosprávnych krajov v rozpočtovom provizóriu je v legislatíve rámcovo upravené v § 11 zákona č. 583/2004 Z. z. o rozpočtových pravidlách územnej samosprávy a o zmene a doplnení niektorých zákonov v z.n.p.. Samosprávy v režime rozpočtového provizória musia dodržiavať pravidlá a rešpektovať pri svojich aktivitách princíp opatrnosti, avšak zákonite nemusia pozastaviť svoje rozvojové aktivity a vcelku pokojne sa môžu pustiť aj do verejných obstarávaní. Samosprávy sa počas rozpočtového provizória riadia rozpočtom, ktorý bol schválený ako rozpočet v predchádzajúcom rozpočtovom roku, pričom sa neprihliada na ďalšie, resp. nasledujúce zmeny, ktoré sa v tomto predchádzajúcom rozpočtovom roku vo vzťahu k pôvodne schválenému rozpočtu prijali. 
610 2 0 |a provizórium rozpočtové 
610 2 0 |a samospráva 
610 2 0 |a samospráva miestna 
610 2 0 |a samospráva regionálna 
610 2 0 |a hospodárenie finančné 
610 2 0 |a právo 
610 2 0 |a legislatíva 
610 2 0 |a zákony 
100 1 |a Bohunčák, Michal 
700 1 |a Marušinec, Ján 
700 1 |a Klimovský, Daniel